00747nam a2200217Ia 4500003000400000005001700004008004100021020001800062040000700080041000800087082001700095100003200112245006100144260005400205300001600259365001300275906006800288942001200356999001900368952014200387OSt20230329102842.0210423s2008 xx 000 0 und d a9788184570649 cAL aeng a303.483 SABT aSABHARWAL (Tarjeet).979420 aSatellite television: an impact on social participation. aNew DelhibKanishka Publishers Distributorsc2008 avii,278bHB b650cINR aan ; impact ; participation. ; Satellite ; social ; television: 2ddccBK c156351d156351 001040708MAJMCaSACPGbSACPGd2008-10-28eSaraswathi Publisherg650.00l0o303.483 SABTpPG002825r2022-08-24 00:00:00w2021-04-26yBK